| 000 | 00537nam a2200205 a 4500 | ||
|---|---|---|---|
| 005 | 20210219152902.0 | ||
| 008 | 991125n 000 0 eng u | ||
| 035 | _aUPN01000065193 | ||
| 100 | 1 | _aJacobson, Stephen L | |
| 222 | _aPLANNING AND CHANGING | ||
| 245 | _aAttendance incentives and teacher absenteeism | ||
| 300 | _a78-93 | ||
| 362 | 0 | _a1990 Vol. 21, no. 2 | |
| 653 | 0 | _aMAESTROS | |
| 653 | 0 | _aAUSENTISMO DOCENTE | |
| 653 | 0 | _aMOTIVACION | |
| 653 | 0 | _aMODELOS DE CONDUCTA | |
| 904 |
_aAC _b003004 |
||
| 905 | _aArticulo | ||
| 999 |
_c62977 _d62977 |
||